ბათუმის შოთა რუსთაველის სახელმწიფო უნივერსიტეტის ბიბლიოთეკა

თხზულებათა სრული კრებული ოთხ ტომად : (ბიბ.ჩანაწერი № 59221)

000 -ლიდერი
ფიქსირებული სიგრძის საკონტროლო ველი 01385nam a22002177a 4500
003 - საკონტროლო ნომრის იდენტიფიკატორი
საკონტროლო ველი Ge_BSU
005 - ბოლო ოპერაციის თარიღი და დრო
საკონტროლო ველი 20221215124733.0
008 - ფიქსირებული სიგრძის მონაცემთა ელემენტები - ზოგადი ინფორმაცია
ფიქსირებული სიგრძის საკონტროლო ველი 221215s1949ge xxu||||| |||| 00| 0 geo d
041 ## - ენის კოდი
Language code of text/sound track or separate title geo
080 ## - უნივერსალური ათობითი კლასიფიკაციის ინდექსი
Universal Decimal Classification number 821.353.1:821.353.1-11 ყ-18
100 ## - მთავარი ჩანაწერი - პიროვნების სახელი
Personal name ყაზბეგი, ალექსანდრე, 1848-1893.
9 (RLIN) 16432
245 ## - ცნობა სათაურის შესახებ
Title თხზულებათა სრული კრებული ოთხ ტომად :
Remainder of title თხზულებანი : ტ.3 /
Statement of responsibility, etc ალექსანდრე ყაზბეგი, სარედ.კოლ. ალექსანდრე აბაშელი, ალექსანდრე გომიაშვილი, და სხვ.
264 ## - წარმოების, გამოცემის, დისტრიბუციის და სხვა ცნობები
გამოცემის, წარმოების, დისტრიბუციის... ადგილი თბილისი :
გამოცემის, წარმოების, დისტრიბუციის... სახელწოდება საბჭოთა მწერალი,
გამოცემის, წარმოების, დისტრიბუციის... თარიღი 1949.
300 ## - ფიზიკური აღწერა
Extent 663 გვ;
Other physical details 1ფ.პორტ.
Dimensions 20 სმ.
440 ## - სერიის ცნობა / დამატებულია ჩანაწერი - სათაური
Title ქართული კლასიკური მწერლობა
9 (RLIN) 16433
501 ## - შენიშვნა თანმხლებ მასალაზე
With note ალ.ყაზბეგის ლექსიკონი გვ:646-663
653 ## - INDEX TERM--UNCONTROLLED
Uncontrolled term ლექსები და პოემები
700 ## - ADDED ENTRY--PERSONAL NAME
Personal name აბაშელი, ალექსანდრე
Relator term სარედაქციო კოლეგია
9 (RLIN) 3648
700 ## - ADDED ENTRY--PERSONAL NAME
Personal name გომიაშვილი, ალექსანდრე
Relator term სარედაქციო კოლეგია
9 (RLIN) 6494
942 ## - ADDED ENTRY ELEMENTS (KOHA)
Source of classification or shelving scheme
Koha item type წიგნი
ეგზემპლარები
ჩამოწერის სტატუსი დაკარგული ეგზემპლარის სტატუსი კლასიფიკაციის წყარო ან თაროზე გაწყობის სქემა დაზიანების სტატუსი არ გაიცემა მუდმივი მდებარეობა (დაცვის ადგილი) ამჟამინდელი ადგილსამყოფელი თაროზე განთავსების ადგილი შეძენის თარიღი ღირებულება, შესყიდვის ნორმალური ფასი სრული შენახვის შიფრი შტრიხკოდი ბოლო ოპერაციის თარიღი ეგზემპლარის მიმდევრობითი ნომერი (კეტერი?) ფასის ძალაში შესვლის თარიღი ეგზემპლარის სახეობა საჯარო შენიშვნა
          ბათუმის შოთა რუსთაველის სახელმწიფო უნივერსიტეტის მთავარი ბიბლიოთეკა ბათუმის შოთა რუსთაველის სახელმწიფო უნივერსიტეტის მთავარი ბიბლიოთეკა წიგნსაცავი 2022-12-15 6.00 821.353.1:821.353.1-11 ყ-18 63314 2022-12-15 63314 2022-12-15 წიგნი 6.00